000 00952nas a2200313 4500
001 BR2019001089
003 BR-BrBNA
005 20231205131756.0
007 ta
008 230509b bl.|||p| |||| 00| 00por d
040 _aBR-BrBNA
_bpor
_cBiblioteca Nacional de Agricultura
041 _a(En)
072 _aF03
100 1 _aSilva, C.D. da
100 1 _aDavid, A.M.S. de S.
100 1 _aFigueiredo, J.C.
100 1 _aBarbosa, J.L.R.
100 1 _aAlves, R.A.
245 1 _aFruit maturation stage on the physiological quality of maroon cucumber seeds
650 _aMAXIXE
650 _aSEMENTE
650 _aGERMINAÇÃO
650 _aQUALIDADE
650 _aMATURAÇÃO
773 0 _tPesquisa Agropecuária Tropical (Brazil)
_xISSN 1983-4063
_g(2019), v. 49 p. 1-8
_wBR2019001089
856 4 0 _uhttp://www.scielo.br/pdf/pat/v49/1983-4063-pat-49-e53188.pdf
909 _a202311
_bLúcia
_c55
_dLúcia Elande
942 _2AGRIS
_n0
_cANA
999 _c256622
_d256622